000 00676nam a2200253 i 4500
001 C2-0309694
003 PPAK
005 20180728100823.0
008 110602s2005 io |||| ||||| | may d
020 _a9795619438
040 _aPPAK
_beng
_cPPAK
_erda
082 0 4 _a324.22
_223
090 0 0 _a324.22
_bASS
_dKMI
100 1 _aAs-Suwaidan, Thariq M.,
_eauthor
245 1 0 _aMelahirkan pemimpin masa depan
264 1 _aJakarta, Indonesia :
_bGema Insani ,
_c2005
300 _axxx,304 pages ;
_c20 cm
336 _2rdacontent
_atext
337 _2rdamedia
_aunmediated
338 _2rdacarrier
_avolume
650 1 0 _aLeadership
700 _eauthor
942 _ddc
_cB
999 _c112221
_d112221